000 00372nam a22001217a 4500
008 150521b xxu||||| |||| 00| 0 eng d
020 _a9781416025528
020 _a1416025528
041 0 _aeng
080 _a615:618.2
245 1 0 _aPharmacology for nursing care /
942 _2udc
_cBK
999 _c885
_d885